MARC

LEADER 00000nam^a2200000^a^4500
001 000136407
005 20250526000000.0
009 20260310095319.034
037 |a Acervo ITESO - Biblioteca 
041 |a ESP 
082 |a 972. 005  |b SOC 1862 V. 9 
240 1 1 |a [Boletín de la Sociedad Mexicana de Geografía y Estadística] 
245 0 0 |a Boletín de la Sociedad Mexicana de Geografía y Estadística / 
264 |a México :  |b Sociedad Mexicana de Geografía y Estadística,  |c 1862 
300 |a 509 p. ;  |c 26.5 cm. 
649 |a XX 
650 |a México -  |x Historia -  |x Publicaciones Periódicas 
650 |a Sociedad Mexicana de Geografía y Estadística -  |x Publicaciones Periódicas 
650 |a Literatura Mexicana -  |x Documentos 
650 |a Literatura Mexicana -  |x Historia y Crítica 
650 |a Matlatzinca 
650 |a Matlatzincas 
650 |a Lenguas Indígenas 
650 |a Lenguaje y Lenguas 
650 |a Lingüística 
650 |a Jesuitas 
650 |a Religiosos Mexicanos 
650 |a México -  |x Historia -  |y Epoca Colonial, 1517-1821 
650 |a Censos -  |z México 
650 |a Geografía -  |z México 
650 |a Población -  |z México 
650 |a División Política y Administrativa -  |z México 
650 |a Arqueología -  |z México -  |x Aspectos Jurídicos 
650 |a Patrimonio Nacional -  |z México -  |x Aspectos Jurídicos 
650 |a Hidrografía -  |z México (Valle) 
650 |a México -  |x Historia -  |y Régimen Liberal, 1858-1863 
650 |a México -  |x Historia -  |y Siglo XIX 
600 |a Clavigero, Francisco Xavier 
910 |a Fondo Salvador Reynoso Reynoso 
920 |a Impresos - Libros 
930 |a Libros Antiguos y Raros 
905 |a 108 
901 |a 0800013651  |b IT2  |c LRA  |u 20250526 
902 |a https://opac.biblio.iteso.mx/vufind/Record/000136407